00854nam a22001817a 4500003000200000005001700002008004100019050002300060100002600083245017900109260007100288300004300359504005700402650005800459650003900517650006100556650005500617020250117093520.0250116b xxu||||| |||| 00| 0 eng d aRT 86.7b.L86 2024 aLoon, Derek Miles A.  aA correlational study of student clinical experience and employment onboarding programs among newly hired nurses in Las Pinas HospitalscDerek Miles A. Loon [and five others] aLas Pinas CitybSouthville International School and Collegesc2024 aix, 84 pages :billustrations ;c29cm. aIncludes bibliographical references and appendices.  aNursing students—Clinical experience—Philippines. aNurses—Employment—Philippines. aEmployee orientation programs—Hospitals—Philippines. aHospital workforce integration—Las Piñas City.